Statistiken für Super Liga (Moldawien) Top 4

Klicken Sie hier um das Quiz zu spielen!

Allgemein

  • Dieses Quiz wurde 29 mal gespielt
  • Das Durchschnittsergebnis liegt bei 3 aus 22

Antwortstatistiken

Antwort% Korrekt
FC Sheriff Tiraspol
90%
Constructorul Chișinău
34%
Constructorul Cioburciu
34%
FC Tiraspol
34%
FC Dacia Chişinău
24%
FC Zimbru Chişinău
17%
FC Olimpia Bălți
14%
FC Zaria Balti
14%
FC Milsami Orhei
10%
CS Petroclub Hîncești
7%
FC Dinamo-Auto Tiraspol
7%
FC Nistru Otaci
7%
FC Sfîntul Gheorghe
7%
Agro Chișinău
3%
CSF Speranţa Nisporeni
3%
CS Tiligul-Tiras Tiraspol
3%
FC Bugeac Comrat
3%
FC Codru Călăraşi
3%
FC Iskra-Stali Rîbnița
3%
FC Moldova Boroșeni
3%
FC Tighina Benderi
3%
FC Veris Chișinău
3%

Verteilung der Resultate

Perzentil nach korrekt beantworteten Fragen

Anzahl Personen mit jedem Resultat

Ihre Resultats-Entwicklung

Sie haben dieses Quiz noch nicht gespielt